Interactions 1: Integrated skills

保存先:
書誌詳細
フォーマット: 図書
言語:Undetermined
出版事項: New York, Estados Unidos Mc Graw Hill 2003
主題:
タグ: タグ追加
タグなし, このレコードへの初めてのタグを付けませんか!

MARC

LEADER 00000nam a2200000Ia 4500
008 170316s9999 xx 000 0 und d
090 |a 415-I I-4.5i 
245 |a Interactions 1: Integrated skills 
260 |a New York, Estados Unidos 
260 |b Mc Graw Hill 
260 |c 2003 
300 |a 308 páginas 
650 |a GRAMÁTICA INGLESA 
650 |a EJERCICIOS 
999 |c 19409  |d 19409 
040 |a cru BVZT 
942 |c 15 D  |h 415-I I-4.5i  |2 z